[Event "Belgrade Spring op"]
[Site "Belgrade"]
[Date "2009.03.30"]
[Round "8"]
[White "Samardzija, Zeljko"]
[Black "Markovic, Tamara"]
[Result "0-1"]
[WhiteElo "1876"]
[BlackElo "1571"]
[PlyCount "150"]
[EventDate "2009.03.21"]
[EventType "swiss"]
[EventRounds "9"]
[EventCountry "YUG"]
[SourceTitle "CBM 129 Extra"]
[Source "ChessBase"]
[SourceDate "2009.05.05"]
[SourceVersion "2"]
[SourceVersionDate "2009.05.20"]
[SourceQuality "1"]

1. d4 Nf6 2. c4 c5 3. d5 b5 4. g3 d6 5. cxb5 a6 6. Nc3 axb5 7. Nxb5 Qa5+ 8. Nc3 Ba6 9. Bg2 g6 10. Bd2 Bg7 11. Ne4 Qb6 12. Nxf6+ Bxf6 13. Qa4+ Nd7 14. Qc6 Bb7 15. Qxb6 Nxb6 16. Bc3 Bxc3+ 17. bxc3 Bxd5 18. Bxd5 Nxd5 19. Kd2 Ra3 20. Nh3 Nxc3 21. f3 Nxa2 22. Rhb1 0-0 23. Rb7 e6 24. Nf2 d5 25. Nd1 Rfa8 26. Rc7 c4 27. Rb1 R3a7 28. Rc5 Ra4 29. Rb7 d4 30. Rcc7 c3+ 31. Ke1 Rf8 32. e3 d3 33. Nxc3 Nxc3 34. Rxc3 Rd8 35. Rb1 Ra2 36. Rd1 Re2+ 37. Kf1 Rxe3 38. f4 Kg7 39. Rd2 Kf6 40. Kf2 Re2+ 41. Rxe2 dxe2 42. Kxe2 g5 43. fxg5+ Kxg5 44. Rc7 Rf8 45. Kf3 h5 46. h3 Kg6 47. Rc5 Rb8 48. g4 Rb3+ 49. Kg2 hxg4 50. hxg4 f6 51. Ra5 e5 52. Ra8 Kg5 53. Rg8+ Kf4 54. Rg6 Rb6 55. Kf2 e4 56. Ke2 e3 57. Kd3 Kf3 58. Rh6 Rd6+ 59. Kc3 Kxg4 60. Rh2 f5 61. Rh8 e2 62. Re8 Kf3 63. Re5 f4 64. Kc4 Rd1 65. Re8 e1Q 66. Rxe1 Rxe1 67. Kd3 Rd1+ 68. Kc2 Ke2 69. Kc3 f3 70. Kc2 f2 71. Kb2 f1Q 72. Kb3 Rd3+ 73. Ka2 Qd1 74. Kb2 Rb3+ 75. Ka2 Qb1# 0-1

[Event "Belgrade Spring op"]
[Site "Belgrade"]
[Date "2009.03.27"]
[Round "6"]
[White "Masovic, Bogosav"]
[Black "Markovic, Tamara"]
[Result "0-1"]
[WhiteElo "1821"]
[BlackElo "1571"]
[PlyCount "84"]
[EventDate "2009.03.21"]
[EventType "swiss"]
[EventRounds "9"]
[EventCountry "YUG"]
[SourceTitle "CBM 129 Extra"]
[Source "ChessBase"]
[SourceDate "2009.05.05"]
[SourceVersion "2"]
[SourceVersionDate "2009.05.20"]
[SourceQuality "1"]

1. d4 Nf6 2. c4 c5 3. d5 b5 4. b3 d6 5. Bb2 Nbd7 6. Nd2 b4 7. e4 g6 8. f4 Bg7 9. g3 0-0 10. Ngf3 a5 11. a4 Re8 12. e5 Ng4 13. Qe2 Nf8 14. h3 Nh6 15. Bg2 Ra7 16. 0-0 e6 17. dxe6 Nxe6 18. Rad1 dxe5 19. fxe5 Nf5 20. Ne4 Qb6 21. Qf2 Rd8 22. Rxd8+ Qxd8 23. Nxc5 Nxc5 24. Qxc5 Bh6 25. Kh2 Be3 26. Qd5 Rd7 27. Qc6 Bb7 28. Qf6 Qxf6 29. exf6 Rd3 30. Be5 Rxb3 31. Bc7 Rc3 32. Rd1 h6 33. Rd8+ Kh7 34. Rd7 Bxf3 35. Bxf3 Rc2+ 36. Bg2 Kg8 37. Rd8+ Kh7 38. Rd7 b3 39. Rxf7+ Kg8 40. Rd7 b2 41. Rd8+ Kf7 42. Be5 b1Q 0-1